[Event "Mittelrhein Verbandsliga-O 1112"]
[Site "Germany"]
[Date "2012.05.20"]
[Round "11"]
[White "Rohleder, Traugott"]
[Black "Neuhaus, Dietrich"]
[Result "1/2-1/2"]
[WhiteElo "1767"]
[BlackElo "1529"]
[PlyCount "82"]
[EventDate "2011.09.18"]
[EventType "team-tourn"]
[EventRounds "11"]
[EventCountry "GER"]
[SourceTitle "EXT 2013"]
[Source "ChessBase"]
[SourceDate "2012.11.22"]
[SourceVersion "1"]
[SourceVersionDate "2012.11.22"]
[SourceQuality "1"]
[WhiteTeam "Freibauer Eikamp"]
[BlackTeam "Lohmar"]
[WhiteTeamCountry "GER"]
[BlackTeamCountry "GER"]

1. d3 c5 2. c4 Nc6 3. Nc3 e6 4. Nf3 Be7 5. g3 Nf6 6. Bg2 0-0 7. 0-0 Re8 8. Bf4 d6 9. a3 e5 10. Bd2 Nd4 11. e3 Ne6 12. b4 Nd7 13. b5 Rb8 14. a4 a5 15. bxa6 bxa6 16. a5 Nc7 17. Rb1 Bb7 18. Qc2 Bc6 19. Rxb8 Qxb8 20. Nh4 Bxg2 21. Nxg2 Qa8 22. f4 d5 23. Na4 d4 24. e4 Qc6 25. fxe5 Nxe5 26. Nb6 Ne6 27. Bf4 Ng6 28. Bd2 Bd8 29. Rb1 Ne5 30. Bf4 Nd7 31. Nxd7 Qxd7 32. Bd2 Qc6 33. Qb3 Bc7 34. Qa3 Rb8 35. Rxb8+ Bxb8 36. Qb2 Bc7 37. Nf4 Nxf4 38. Bxf4 Bxf4 39. gxf4 h5 40. Qb6 Qc8 41. f5 Kh7 1/2-1/2

[Event "Lohmar op"]
[Site "Lohmar"]
[Date "2000.03.17"]
[Round "7"]
[White "Weber, Olaf"]
[Black "Neuhaus, Dietrich"]
[Result "1/2-1/2"]
[WhiteElo "1823"]
[BlackElo "1711"]
[PlyCount "64"]
[EventDate "2000.01.28"]
[EventType "swiss"]
[EventRounds "9"]
[EventCountry "GER"]
[SourceTitle "EXT 2006"]
[Source "ChessBase"]
[SourceDate "2005.11.24"]
[SourceVersion "1"]
[SourceVersionDate "2005.11.24"]
[SourceQuality "1"]

1. e4 c5 2. Nf3 e6 3. d4 cxd4 4. Nxd4 Nc6 5. Nc3 Nf6 6. Bg5 Be7 7. f4 Qb6 8. Nb3 h6 9. Bxf6 Bxf6 10. Qd2 0-0 11. 0-0-0 a5 12. Kb1 a4 13. Nc1 Bd4 14. N1e2 a3 15. b3 Be3 16. Qd6 Bc5 17. Qd3 Nb4 18. Qb5 Ra5 19. Qxb6 Bxb6 20. Nd4 d5 21. e5 Bxd4 22. Rxd4 Rc5 23. Rxb4 Rxc3 24. Bd3 b5 25. Bxb5 Bb7 26. Bd3 Bc6 27. Rg1 f6 28. exf6 gxf6 29. Re1 Kf7 30. Re3 Ke7 31. Rg3 e5 32. Rg7+ Kd6 1/2-1/2